[Event "Irena Warakomska Memorial A"]
[Site "Suwalki"]
[Date "2021.07.29"]
[Round "3"]
[White "Piekielny, Pawel"]
[Black "Sakalauskas, Vaidas"]
[Result "0-1"]
[Board "18"]
[WhiteElo "2150"]
[WhiteCountry "POL"]
[WhiteFideId "21838828"]
[WhiteEloChange "-5"]
[BlackElo "2330"]
[BlackTitle "IM"]
[BlackCountry "LTU"]
[BlackFideId "12800457"]
[BlackEloChange "5"]

1. e4 {[%clk 1:30:57]} g6 {[%clk 1:30:44]} 2. d4 {[%clk 1:31:21]} Bg7 {[%clk
1:31:06]} 3. Nc3 {[%clk 1:31:00]} c5 {[%clk 1:28:22]} 4. Nf3 {[%clk 1:31:24]}
cxd4 {[%clk 1:28:28]} 5. Nxd4 {[%clk 1:31:49]} Nc6 {[%clk 1:28:43]} 6. Be3 {[%clk
1:32:14]} Nf6 {[%clk 1:28:52]} 7. f3 {[%clk 1:26:17]} O-O {[%clk 1:25:52]} 8. g4
{[%clk 1:26:44]} Qb6 {[%clk 1:19:16]} 9. Ncb5 {[%clk 1:20:51]} a6 {[%clk
1:15:10]} 10. Nf5 {[%clk 1:21:15]} Qa5+ {[%clk 1:15:20]} 11. Bd2 {[%clk 1:21:39]}
Qb6 {[%clk 1:13:16]} 12. Be3 {[%clk 1:19:56]} Qa5+ {[%clk 1:12:51]} 13. Bd2
{[%clk 1:20:20]} Qd8 {[%clk 1:12:07]} 14. Nxg7 {[%clk 1:20:42]} axb5 {[%clk
1:12:33]} 15. g5 {[%clk 1:14:26]} Nxe4 {[%clk 1:00:58]} 16. fxe4 {[%clk 1:14:37]}
Kxg7 {[%clk 1:01:26]} 17. Bxb5 {[%clk 1:14:25]} Qb6 {[%clk 0:43:01]} 18. Bc3+
{[%clk 1:04:29]} Kg8 {[%clk 0:42:37]} 19. Bxc6 {[%clk 0:55:19]} dxc6 {[%clk
0:41:27]} 20. Qd4 {[%clk 0:49:04]} Qxd4 {[%clk 0:41:37]} 21. Bxd4 {[%clk
0:49:29]} Ra4 {[%clk 0:28:23]} 22. c3 {[%clk 0:49:42]} Be6 {[%clk 0:28:46]} 23.
b4 {[%clk 0:38:40]} Rfa8 {[%clk 0:25:47]} 24. O-O {[%clk 0:36:54]} Rxa2 {[%clk
0:25:33]} 25. Rxa2 {[%clk 0:37:19]} Rxa2 {[%clk 0:25:59]} 26. Rf2 {[%clk
0:37:29]} Ra1+ {[%clk 0:24:27]} 27. Rf1 {[%clk 0:36:44]} Ra8 {[%clk 0:24:36]} 28.
Kg2 {[%clk 0:33:37]} Kf8 {[%clk 0:23:08]} 29. Rf2 {[%clk 0:31:42]} Ra1 {[%clk
0:21:25]} 30. Rd2 {[%clk 0:30:52]} Ke8 {[%clk 0:21:21]} 31. Kf3 {[%clk 0:20:52]}
Rf1+ {[%clk 0:16:32]} 32. Rf2 {[%clk 0:15:38]} Re1 {[%clk 0:14:50]} 33. Rd2
{[%clk 0:15:26]} Rf1+ {[%clk 0:13:27]} 34. Rf2 {[%clk 0:15:50]} Rd1 {[%clk
0:13:28]} 35. Kg2 {[%clk 0:05:56]} Bc4 {[%clk 0:11:07]} 36. Kf3 {[%clk 0:02:37]}
Kd7 {[%clk 0:05:49]} 37. h4 {[%clk 0:02:36]} Ke6 {[%clk 0:05:41]} 38. Kg2 {[%clk
0:01:54]} Bd3 {[%clk 0:05:17]} 39. Rf4 {[%clk 0:02:10]} Re1 {[%clk 0:03:48]} 40.
Kf3 {[%clk 0:32:32]} Bc4 {[%clk 0:31:46]} 41. Kf2 {[%clk 0:28:57]} Re2+ {[%clk
0:30:03]} 42. Kf3 {[%clk 0:26:31]} Bd3 {[%clk 0:29:12]} 43. Bg7 {[%clk 0:23:08]}
Rh2 {[%clk 0:28:21]} 44. Kg3 {[%clk 0:20:20]} Rh1 {[%clk 0:26:54]} 45. Bd4 {[%clk
0:20:09]} Re1 {[%clk 0:25:37]} 46. Kf3 {[%clk 0:20:34]} Bc4 {[%clk 0:25:52]} 47.
Kf2 {[%clk 0:20:29]} Rd1 {[%clk 0:24:55]} 48. Ke3 {[%clk 0:17:16]} Kd7 {[%clk
0:24:54]} 49. Kf2 {[%clk 0:15:48]} Kc7 {[%clk 0:24:15]} 50. Ke3 {[%clk 0:09:57]}
b6 {[%clk 0:23:59]} 51. Rf2 {[%clk 0:08:23]} Rd3+ {[%clk 0:23:54]} 52. Kf4 {[%clk
0:08:41]} Rh3 {[%clk 0:23:48]} 53. Be5+ {[%clk 0:08:32]} Kc8 {[%clk 0:23:56]} 54.
Rf3 {[%clk 0:06:16]} Rxh4+ {[%clk 0:23:35]} 55. Ke3 {[%clk 0:06:42]} Rh1 {[%clk
0:22:06]} 56. Rf2 {[%clk 0:06:13]} Rg1 {[%clk 0:19:46]} 57. Bf4 {[%clk 0:05:30]}
e5 {[%clk 0:19:15]} 58. Bxe5 {[%clk 0:05:55]} Rxg5 {[%clk 0:19:41]} 59. Bf6
{[%clk 0:05:09]} Rg3+ {[%clk 0:18:40]} 60. Kf4 {[%clk 0:05:28]} Rd3 {[%clk
0:18:29]} 61. Rh2 {[%clk 0:04:27]} h5 {[%clk 0:18:53]} 62. Rh1 {[%clk 0:04:53]}
Be6 {[%clk 0:18:57]} 63. Ra1 {[%clk 0:05:01]} Kb7 {[%clk 0:19:17]} 64. Rh1 {[%clk
0:04:49]} Bg4 {[%clk 0:17:44]} 65. Rf1 {[%clk 0:04:22]} Kc7 {[%clk 0:16:16]} 66.
Ra1 {[%clk 0:04:42]} Kb7 {[%clk 0:15:37]} 67. Rf1 {[%clk 0:05:07]} Be6 {[%clk
0:15:40]} 68. Rh1 {[%clk 0:05:27]} Bc4 {[%clk 0:14:36]} 69. Rc1 {[%clk 0:05:04]}
Rd6 {[%clk 0:14:33]} 70. Kg5 {[%clk 0:04:00]} Rd2 {[%clk 0:14:30]} 71. Kf4 {[%clk
0:03:57]} Rg2 {[%clk 0:14:18]} 72. Rd1 {[%clk 0:03:54]} Be6 {[%clk 0:14:41]} 73.
Rd8 {[%clk 0:03:23]} h4 {[%clk 0:14:17]} 74. c4 {[%clk 0:02:35]} h3 {[%clk
0:13:56]} 75. c5 {[%clk 0:03:01]} bxc5 {[%clk 0:14:03]} 76. bxc5 {[%clk 0:03:31]}
g5+ {[%clk 0:13:37]} 77. Ke3 {[%clk 0:02:48]} h2 {[%clk 0:13:06]} 78. Rh8 {[%clk
0:03:09]} Rg3+ {[%clk 0:13:08]} 79. Kf2 {[%clk 0:03:33]} Rh3 {[%clk 0:13:30]} 0-1

[Event "Irena Warakomska Memorial A"]
[Site "Suwalki"]
[Date "2021.07.29"]
[Round "3"]
[White "Antolak, Julia"]
[Black "Stanisz, Patryk"]
[Result "1-0"]
[Board "19"]
[WhiteElo "2309"]
[WhiteTitle "WIM"]
[WhiteCountry "POL"]
[WhiteFideId "1159569"]
[WhiteEloChange "5"]
[BlackElo "2140"]
[BlackCountry "POL"]
[BlackFideId "1123106"]
[BlackEloChange "-5"]

1. e4 {[%clk 1:30:57]} c6 {[%clk 1:30:43]} 2. Nc3 {[%clk 1:30:13]} d5 {[%clk
1:31:04]} 3. Qf3 {[%clk 1:30:02]} d4 {[%clk 1:22:02]} 4. Bc4 {[%clk 1:28:55]} e6
{[%clk 1:21:25]} 5. Nce2 {[%clk 1:29:17]} c5 {[%clk 1:13:19]} 6. d3 {[%clk
1:28:44]} Nc6 {[%clk 1:07:32]} 7. Qg3 {[%clk 1:28:43]} Nf6 {[%clk 0:59:32]} 8.
Bd2 {[%clk 1:28:23]} Na5 {[%clk 0:54:56]} 9. Bb5+ {[%clk 1:24:00]} Bd7 {[%clk
0:55:03]} 10. Bxd7+ {[%clk 1:22:18]} Nxd7 {[%clk 0:55:24]} 11. f4 {[%clk
1:20:55]} Nc6 {[%clk 0:46:42]} 12. Nh3 {[%clk 1:15:20]} Qc7 {[%clk 0:46:59]} 13.
c3 {[%clk 1:05:59]} Qb6 {[%clk 0:44:33]} 14. b3 {[%clk 1:03:40]} dxc3 {[%clk
0:37:03]} 15. Bxc3 {[%clk 1:03:22]} Nd4 {[%clk 0:34:23]} 16. Bxd4 {[%clk
1:00:38]} cxd4 {[%clk 0:34:47]} 17. O-O {[%clk 0:59:51]} f6 {[%clk 0:28:18]} 18.
Kh1 {[%clk 0:49:48]} Rc8 {[%clk 0:22:49]} 19. Rac1 {[%clk 0:45:19]} Rxc1 {[%clk
0:22:20]} 20. Rxc1 {[%clk 0:45:43]} Kf7 {[%clk 0:22:47]} 21. e5 {[%clk 0:42:49]}
Bc5 {[%clk 0:20:24]} 22. exf6 {[%clk 0:41:19]} gxf6 {[%clk 0:20:38]} 23. Qh4
{[%clk 0:40:05]} h5 {[%clk 0:18:15]} 24. Ng3 {[%clk 0:36:57]} Qa6 {[%clk
0:18:03]} 25. f5 {[%clk 0:33:37]} exf5 {[%clk 0:16:07]} 26. Nf4 {[%clk 0:30:04]}
Qxa2 {[%clk 0:14:29]} 27. Nxf5 {[%clk 0:28:32]} Qa3 {[%clk 0:09:23]} 28. Rf1
{[%clk 0:27:00]} Ne5 {[%clk 0:08:11]} 29. Nd5 {[%clk 0:19:32]} Qa6 {[%clk
0:08:27]} 30. Nxf6 {[%clk 0:16:47]} Qxd3 {[%clk 0:08:56]} 31. Ng3 {[%clk
0:16:16]} Be7 {[%clk 0:09:25]} 32. Qf4 {[%clk 0:15:10]} Ng6 {[%clk 0:06:10]} 33.
Qf2 {[%clk 0:14:11]} Qe3 {[%clk 0:06:01]} 34. Qc2 {[%clk 0:03:49]} Bxf6 {[%clk
0:05:42]} 35. Ne4 {[%clk 0:04:17]} Rf8 {[%clk 0:03:44]} 36. Nxf6 {[%clk 0:01:18]}
Kg7 {[%clk 0:03:25]} 37. Qf5 {[%clk 0:01:35]} Qe7 {[%clk 0:02:54]} 38. Nxh5+
{[%clk 0:01:52]} Kh6 {[%clk 0:03:13]} 39. Nf6 {[%clk 0:02:14]} Kg7 {[%clk
0:03:22]} 40. Nh5+ {[%clk 0:31:54]} Kh6 {[%clk 0:33:27]} 41. Ng3 {[%clk 0:27:23]}
Kg7 {[%clk 0:28:27]} 42. Rd1 {[%clk 0:25:46]} Rd8 {[%clk 0:25:00]} 43. Qg4 {[%clk
0:22:40]} Qf7 {[%clk 0:08:55]} 44. Rf1 {[%clk 0:18:58]} Qe8 {[%clk 0:07:47]} 45.
Nh5+ {[%clk 0:14:36]} Kh6 {[%clk 0:07:46]} 46. Nf6 {[%clk 0:13:33]} Qh8 {[%clk
0:06:43]} 47. Qh3+ {[%clk 0:12:05]} Kg7 {[%clk 0:07:04]} 48. Nh5+ {[%clk
0:12:28]} Kh6 {[%clk 0:06:54]} 49. Nf4+ {[%clk 0:12:33]} Kg7 {[%clk 0:06:44]} 50.
Ne6+ {[%clk 0:13:00]} Kg8 {[%clk 0:07:04]} 51. Qxh8+ {[%clk 0:13:23]} 1-0

[Event "Irena Warakomska Memorial A"]
[Site "Suwalki"]
[Date "2021.07.29"]
[Round "3"]
[White "Kacprzak, Karol"]
[Black "Sliwicka, Alicja"]
[Result "0-1"]
[Board "20"]
[WhiteElo "2151"]
[WhiteCountry "POL"]
[WhiteFideId "21819327"]
[WhiteEloChange "-6"]
[BlackElo "2308"]
[BlackTitle "WIM"]
[BlackCountry "POL"]
[BlackFideId "1150677"]
[BlackEloChange "6"]

1. e4 {[%clk 1:30:56]} c5 {[%clk 1:30:55]} 2. Nf3 {[%clk 1:31:15]} e6 {[%clk
1:31:19]} 3. d4 {[%clk 1:31:34]} cxd4 {[%clk 1:31:43]} 4. Nxd4 {[%clk 1:31:55]}
Nc6 {[%clk 1:32:09]} 5. Nc3 {[%clk 1:32:12]} Qc7 {[%clk 1:32:21]} 6. Be3 {[%clk
1:32:26]} a6 {[%clk 1:32:14]} 7. Qd2 {[%clk 1:32:30]} Nf6 {[%clk 1:32:29]} 8.
O-O-O {[%clk 1:32:04]} Bb4 {[%clk 1:32:47]} 9. f3 {[%clk 1:32:22]} Ne5 {[%clk
1:32:44]} 10. Nb3 {[%clk 1:23:48]} O-O {[%clk 1:28:31]} 11. Kb1 {[%clk 1:12:17]}
d5 {[%clk 1:13:36]} 12. exd5 {[%clk 1:06:50]} Bxc3 {[%clk 1:13:44]} 13. Qxc3
{[%clk 1:06:48]} Qxc3 {[%clk 1:13:57]} 14. bxc3 {[%clk 1:07:12]} Nxd5 {[%clk
1:14:00]} 15. Bd4 {[%clk 1:06:37]} Nc6 {[%clk 1:13:05]} 16. c4 {[%clk 1:03:13]}
Nxd4 {[%clk 1:09:16]} 17. cxd5 {[%clk 0:54:26]} Nf5 {[%clk 1:09:33]} 18. dxe6
{[%clk 0:52:52]} Bxe6 {[%clk 1:09:31]} 19. Bd3 {[%clk 0:51:40]} Ne3 {[%clk
1:00:34]} 20. Rd2 {[%clk 0:51:26]} Rac8 {[%clk 0:57:25]} 21. Re1 {[%clk 0:46:58]}
Nd5 {[%clk 0:56:09]} 22. Kb2 {[%clk 0:37:59]} g6 {[%clk 0:43:31]} 23. Nd4 {[%clk
0:20:13]} Bd7 {[%clk 0:43:00]} 24. Re5 {[%clk 0:15:33]} Nb6 {[%clk 0:42:27]} 25.
Ka1 {[%clk 0:11:37]} Rfd8 {[%clk 0:42:21]} 26. Rde2 {[%clk 0:10:19]} Ba4 {[%clk
0:35:32]} 27. Nb3 {[%clk 0:09:25]} Nd5 {[%clk 0:14:48]} 28. R2e4 {[%clk 0:08:35]}
Nc3 {[%clk 0:06:26]} 29. Rd4 {[%clk 0:07:37]} Rxd4 {[%clk 0:04:48]} 30. Nxd4
{[%clk 0:08:01]} Rc7 {[%clk 0:02:54]} 31. Kb2 {[%clk 0:05:20]} Bd7 {[%clk
0:02:00]} 32. h4 {[%clk 0:03:49]} b5 {[%clk 0:01:38]} 33. Kb3 {[%clk 0:02:48]}
Kf8 {[%clk 0:01:41]} 34. Kb4 {[%clk 0:02:15]} Nxa2+ {[%clk 0:01:54]} 35. Ka5
{[%clk 0:02:35]} Nc1 {[%clk 0:01:20]} 36. Bf1 {[%clk 0:01:50]} Bc8 {[%clk
0:01:04]} 37. Kb6 {[%clk 0:01:22]} Rb7+ {[%clk 0:01:15]} 38. Ka5 {[%clk 0:01:28]}
Rd7 {[%clk 0:01:12]} 39. c3 {[%clk 0:01:06]} Rc7 {[%clk 0:01:32]} 40. Re3 {[%clk
0:30:34]} Na2 {[%clk 0:31:36]} 41. c4 {[%clk 0:26:32]} bxc4 {[%clk 0:20:01]} 42.
Ra3 {[%clk 0:22:21]} Rd7 {[%clk 0:20:16]} 43. Nc6 {[%clk 0:09:40]} Nc1 {[%clk
0:10:44]} 44. Bxc4 {[%clk 0:08:23]} Rd6 {[%clk 0:11:07]} 45. Nb4 {[%clk 0:04:18]}
Be6 {[%clk 0:11:28]} 46. Bxe6 {[%clk 0:03:21]} Rxe6 {[%clk 0:11:53]} 47. Nxa6
{[%clk 0:02:59]} Ne2 {[%clk 0:12:13]} 48. Nc5 {[%clk 0:03:08]} Re5 {[%clk
0:11:01]} 49. Kb4 {[%clk 0:03:26]} Rh5 {[%clk 0:10:48]} 50. Ra8+ {[%clk 0:02:28]}
Kg7 {[%clk 0:11:03]} 51. Ra7 {[%clk 0:01:25]} Rxh4+ {[%clk 0:11:11]} 52. Kb3
{[%clk 0:01:42]} Nd4+ {[%clk 0:11:20]} 53. Kb2 {[%clk 0:01:45]} Rh2 {[%clk
0:11:34]} 54. Rd7 {[%clk 0:01:54]} Rxg2+ {[%clk 0:11:46]} 55. Kc3 {[%clk
0:02:05]} Nxf3 {[%clk 0:11:48]} 56. Ne4 {[%clk 0:01:20]} Ng5 {[%clk 0:11:49]} 0-1

[Event "Irena Warakomska Memorial A"]
[Site "Suwalki"]
[Date "2021.07.29"]
[Round "3"]
[White "Skurniak, Szymon"]
[Black "Zakrzewski, Marek"]
[Result "1/2-1/2"]
[Board "21"]
[WhiteElo "2143"]
[WhiteCountry "POL"]
[WhiteFideId "21805571"]
[WhiteEloChange "4"]
[BlackElo "2295"]
[BlackTitle "FM"]
[BlackCountry "POL"]
[BlackFideId "1170694"]
[BlackEloChange "-4"]

1. c4 {[%clk 1:30:59]} c6 {[%clk 1:30:44]} 2. g3 {[%clk 1:31:16]} d5 {[%clk
1:31:06]} 3. Bg2 {[%clk 1:31:29]} Nf6 {[%clk 1:30:00]} 4. Nf3 {[%clk 1:27:45]}
Bf5 {[%clk 1:29:54]} 5. Qb3 {[%clk 1:27:44]} Qb6 {[%clk 1:29:04]} 6. Qxb6 {[%clk
1:22:43]} axb6 {[%clk 1:29:27]} 7. cxd5 {[%clk 1:03:25]} Bxb1 {[%clk 1:28:03]} 8.
Rxb1 {[%clk 1:03:29]} cxd5 {[%clk 1:28:23]} 9. a3 {[%clk 1:03:24]} e6 {[%clk
1:27:29]} 10. d3 {[%clk 0:59:49]} Nc6 {[%clk 1:23:19]} 11. b4 {[%clk 0:51:30]}
Be7 {[%clk 1:07:31]} 12. Bb2 {[%clk 0:49:48]} O-O {[%clk 1:06:14]} 13. Kd2 {[%clk
0:49:24]} Rfc8 {[%clk 1:02:12]} 14. Rhc1 {[%clk 0:49:02]} Nd7 {[%clk 0:55:09]}
15. Rc2 {[%clk 0:40:24]} Bf6 {[%clk 0:46:26]} 16. Bxf6 {[%clk 0:34:34]} Nxf6
{[%clk 0:46:49]} 17. Rbc1 {[%clk 0:33:47]} Rd8 {[%clk 0:46:02]} 18. b5 {[%clk
0:19:32]} Na5 {[%clk 0:45:31]} 19. Kc3 {[%clk 0:17:15]} Nd7 {[%clk 0:42:23]} 20.
Nd2 {[%clk 0:16:45]} Rdc8+ {[%clk 0:33:46]} 21. Kb4 {[%clk 0:15:19]} Rxc2 {[%clk
0:29:26]} 22. Rxc2 {[%clk 0:14:24]} Kf8 {[%clk 0:29:43]} 23. d4 {[%clk 0:09:47]}
Ke7 {[%clk 0:24:58]} 24. e3 {[%clk 0:08:19]} Kd8 {[%clk 0:21:46]} 25. Bf1 {[%clk
0:08:20]} Nf6 {[%clk 0:21:20]} 26. f3 {[%clk 0:08:40]} Ne8 {[%clk 0:20:27]} 27.
Bd3 {[%clk 0:06:47]} h6 {[%clk 0:16:38]} 28. a4 {[%clk 0:03:25]} Rc8 {[%clk
0:10:59]} 1/2-1/2

[Event "Irena Warakomska Memorial A"]
[Site "Suwalki"]
[Date "2021.07.29"]
[Round "3"]
[White "Paszewski, Mateusz"]
[Black "Golenia, Jan"]
[Result "1-0"]
[Board "22"]
[WhiteElo "2280"]
[WhiteTitle "FM"]
[WhiteCountry "POL"]
[WhiteFideId "1141058"]
[WhiteEloChange "5"]
[BlackElo "2103"]
[BlackCountry "POL"]
[BlackFideId "21800227"]
[BlackEloChange "-5"]

1. c4 {[%clk 1:30:54]} b6 {[%clk 1:30:00]} 2. Nf3 {[%clk 1:30:46]} Bb7 {[%clk
1:30:01]} 3. g3 {[%clk 1:31:15]} e6 {[%clk 1:26:47]} 4. Bg2 {[%clk 1:31:29]} Be7
{[%clk 1:27:11]} 5. Nc3 {[%clk 1:31:01]} f5 {[%clk 1:24:43]} 6. d4 {[%clk
1:23:11]} Nf6 {[%clk 1:23:06]} 7. d5 {[%clk 1:20:45]} O-O {[%clk 1:08:24]} 8. O-O
{[%clk 1:19:56]} Na6 {[%clk 1:07:02]} 9. Nd4 {[%clk 0:59:10]} Qc8 {[%clk
0:30:30]} 10. b3 {[%clk 0:56:10]} Nc5 {[%clk 0:30:04]} 11. Bb2 {[%clk 0:55:26]}
a5 {[%clk 0:27:46]} 12. Qc2 {[%clk 0:42:51]} g6 {[%clk 0:24:50]} 13. dxe6 {[%clk
0:38:14]} Bxg2 {[%clk 0:25:01]} 14. Kxg2 {[%clk 0:38:42]} dxe6 {[%clk 0:25:24]}
15. Nf3 {[%clk 0:38:11]} Qb7 {[%clk 0:25:50]} 16. Kg1 {[%clk 0:37:53]} Rad8
{[%clk 0:25:35]} 17. Rad1 {[%clk 0:31:00]} Nfe4 {[%clk 0:23:14]} 18. Rxd8 {[%clk
0:24:47]} Bxd8 {[%clk 0:20:57]} 19. Rd1 {[%clk 0:23:17]} g5 {[%clk 0:19:43]} 20.
Nxe4 {[%clk 0:20:06]} Nxe4 {[%clk 0:19:16]} 21. Rd7 {[%clk 0:16:34]} Bf6 {[%clk
0:19:45]} 22. Bxf6 {[%clk 0:13:29]} Rxf6 {[%clk 0:20:13]} 23. Ne5 {[%clk
0:09:48]} g4 {[%clk 0:18:10]} 24. f3 {[%clk 0:09:22]} gxf3 {[%clk 0:15:06]} 25.
exf3 {[%clk 0:09:49]} Ng5 {[%clk 0:08:31]} 26. Qc3 {[%clk 0:06:21]} b5 {[%clk
0:02:46]} 27. Kg2 {[%clk 0:03:09]} Qb6 {[%clk 0:01:17]} 28. c5 {[%clk 0:03:04]}
Qb7 {[%clk 0:01:18]} 29. h4 {[%clk 0:02:00]} Nf7 {[%clk 0:01:01]} 30. Nxf7 {[%clk
0:01:14]} Rxf7 {[%clk 0:01:30]} 31. Rd8+ {[%clk 0:01:37]} Rf8 {[%clk 0:01:53]}
32. Rxf8+ {[%clk 0:02:02]} Kxf8 {[%clk 0:02:22]} 33. Qf6+ {[%clk 0:02:29]} Ke8
{[%clk 0:02:31]} 34. Qxe6+ {[%clk 0:02:57]} Kd8 {[%clk 0:02:54]} 35. c6 {[%clk
0:03:17]} 1-0

[Event "Irena Warakomska Memorial A"]
[Site "Suwalki"]
[Date "2021.07.29"]
[Round "3"]
[White "Luberanski, Jakub"]
[Black "Dwilewicz, Katarzyna"]
[Result "1-0"]
[Board "23"]
[WhiteElo "2274"]
[WhiteTitle "FM"]
[WhiteCountry "POL"]
[WhiteFideId "21830509"]
[WhiteEloChange "5"]
[BlackElo "2082"]
[BlackTitle "WFM"]
[BlackCountry "POL"]
[BlackFideId "1148486"]
[BlackEloChange "-5"]

1. e4 {[%clk 1:29:47]} c5 {[%clk 1:30:11]} 2. Nf3 {[%clk 1:30:12]} e6 {[%clk
1:30:36]} 3. d4 {[%clk 1:30:38]} cxd4 {[%clk 1:31:00]} 4. Nxd4 {[%clk 1:31:03]}
Nc6 {[%clk 1:31:26]} 5. Nc3 {[%clk 1:31:28]} Qc7 {[%clk 1:31:53]} 6. g3 {[%clk
1:31:27]} a6 {[%clk 1:32:05]} 7. Bg2 {[%clk 1:31:53]} Nf6 {[%clk 1:32:25]} 8. O-O
{[%clk 1:32:17]} Nxd4 {[%clk 1:31:59]} 9. Qxd4 {[%clk 1:32:43]} Bc5 {[%clk
1:32:24]} 10. Bf4 {[%clk 1:32:45]} d6 {[%clk 1:31:43]} 11. Qd2 {[%clk 1:32:41]}
h6 {[%clk 1:31:44]} 12. Rad1 {[%clk 1:32:12]} e5 {[%clk 1:31:59]} 13. Be3 {[%clk
1:32:38]} Bg4 {[%clk 1:31:34]} 14. Bxc5 {[%clk 1:31:51]} dxc5 {[%clk 1:30:44]}
15. Qd6 {[%clk 1:31:17]} Qxd6 {[%clk 1:30:49]} 16. Rxd6 {[%clk 1:31:42]} Nd7
{[%clk 1:26:10]} 17. f4 {[%clk 1:29:47]} O-O-O {[%clk 1:21:21]} 18. b3 {[%clk
1:28:32]} Kc7 {[%clk 1:10:40]} 19. Rd2 {[%clk 1:28:13]} Nb6 {[%clk 1:09:38]} 20.
Rxd8 {[%clk 1:17:24]} Rxd8 {[%clk 1:09:02]} 21. fxe5 {[%clk 1:17:04]} Be6 {[%clk
1:09:15]} 22. Nd5+ {[%clk 1:15:32]} Kc6 {[%clk 0:59:46]} 23. Ne7+ {[%clk
1:09:15]} Kc7 {[%clk 0:38:35]} 24. Nf5 {[%clk 0:57:27]} Nd7 {[%clk 0:31:51]} 25.
Nxg7 {[%clk 0:55:38]} Nxe5 {[%clk 0:32:16]} 26. Nxe6+ {[%clk 0:55:49]} fxe6
{[%clk 0:32:42]} 27. Bh3 {[%clk 0:50:02]} Rd2 {[%clk 0:29:52]} 28. Rf2 {[%clk
0:49:57]} Rd1+ {[%clk 0:24:22]} 29. Kg2 {[%clk 0:46:54]} Kd7 {[%clk 0:23:13]} 30.
g4 {[%clk 0:28:18]} Ke7 {[%clk 0:22:55]} 31. Kg3 {[%clk 0:26:39]} b5 {[%clk
0:20:58]} 32. Kh4 {[%clk 0:22:48]} c4 {[%clk 0:18:46]} 33. bxc4 {[%clk 0:19:18]}
bxc4 {[%clk 0:19:08]} 34. Bf1 {[%clk 0:17:55]} a5 {[%clk 0:14:05]} 35. h3 {[%clk
0:17:12]} Re1 {[%clk 0:06:56]} 36. Kh5 {[%clk 0:15:54]} Rxe4 {[%clk 0:07:15]} 37.
Re2 {[%clk 0:13:43]} Rxe2 {[%clk 0:01:07]} 38. Bxe2 {[%clk 0:14:08]} a4 {[%clk
0:00:38]} 39. Kxh6 {[%clk 0:13:16]} a3 {[%clk 0:00:51]} 40. Kg7 {[%clk 0:40:44]}
c3 {[%clk 0:30:40]} 41. h4 {[%clk 0:36:30]} Nc6 {[%clk 0:28:22]} 42. h5 {[%clk
0:36:28]} Nb4 {[%clk 0:28:18]} 43. h6 {[%clk 0:36:44]} Nxa2 {[%clk 0:28:28]} 44.
h7 {[%clk 0:36:59]} 1-0

[Event "Irena Warakomska Memorial A"]
[Site "Suwalki"]
[Date "2021.07.29"]
[Round "3"]
[White "Kacprzak, Kacper"]
[Black "Baum, Jonasz"]
[Result "1-0"]
[Board "24"]
[WhiteElo "2075"]
[WhiteCountry "POL"]
[WhiteFideId "21819319"]
[WhiteEloChange "15"]
[BlackElo "2260"]
[BlackTitle "IM"]
[BlackCountry "POL"]
[BlackFideId "1195360"]
[BlackEloChange "-15"]

1. e4 {[%clk 1:30:56]} c6 {[%clk 1:30:22]} 2. d4 {[%clk 1:31:20]} d5 {[%clk
1:30:47]} 3. e5 {[%clk 1:31:45]} c5 {[%clk 1:26:58]} 4. dxc5 {[%clk 1:32:08]} e6
{[%clk 1:27:23]} 5. Nf3 {[%clk 1:32:30]} Bxc5 {[%clk 1:27:36]} 6. Bd3 {[%clk
1:32:55]} Ne7 {[%clk 1:27:34]} 7. Bf4 {[%clk 1:32:58]} Qb6 {[%clk 1:15:16]} 8.
O-O {[%clk 1:32:16]} Qxb2 {[%clk 1:15:31]} 9. Nbd2 {[%clk 1:32:30]} Qa3 {[%clk
0:59:06]} 10. Nb3 {[%clk 1:20:53]} Nbc6 {[%clk 0:55:32]} 11. Bc1 {[%clk 1:01:52]}
Qb4 {[%clk 0:55:44]} 12. a4 {[%clk 1:00:16]} Bb6 {[%clk 0:46:37]} 13. h3 {[%clk
0:39:48]} Ng6 {[%clk 0:43:23]} 14. Re1 {[%clk 0:38:11]} Qe7 {[%clk 0:40:22]} 15.
Ba3 {[%clk 0:34:02]} Qd8 {[%clk 0:40:30]} 16. Qd2 {[%clk 0:32:32]} Bc7 {[%clk
0:38:27]} 17. Qc3 {[%clk 0:26:04]} Rb8 {[%clk 0:27:25]} 18. Rad1 {[%clk 0:24:20]}
Bd7 {[%clk 0:27:18]} 19. Qa1 {[%clk 0:20:52]} b6 {[%clk 0:22:51]} 20. c4 {[%clk
0:19:28]} Nce7 {[%clk 0:19:47]} 21. cxd5 {[%clk 0:14:46]} Nxd5 {[%clk 0:16:52]}
22. Qd4 {[%clk 0:11:47]} Qc8 {[%clk 0:11:24]} 23. h4 {[%clk 0:08:41]} Qb7 {[%clk
0:08:51]} 24. Rc1 {[%clk 0:07:18]} Bd8 {[%clk 0:08:46]} 25. Bd6 {[%clk 0:06:41]}
Rc8 {[%clk 0:08:11]} 26. Rxc8 {[%clk 0:06:39]} Qxc8 {[%clk 0:08:40]} 27. Rc1
{[%clk 0:06:01]} Qb7 {[%clk 0:09:09]} 28. Qe4 {[%clk 0:03:31]} Be7 {[%clk
0:03:50]} 29. g3 {[%clk 0:02:46]} f5 {[%clk 0:03:16]} 30. Qe2 {[%clk 0:02:21]}
O-O {[%clk 0:01:42]} 31. h5 {[%clk 0:02:48]} Nh8 {[%clk 0:02:03]} 32. Ba6 {[%clk
0:02:32]} Qa8 {[%clk 0:02:32]} 33. Nbd4 {[%clk 0:02:23]} Rd8 {[%clk 0:01:19]} 34.
Qa2 {[%clk 0:02:05]} Bxd6 {[%clk 0:00:50]} 35. exd6 {[%clk 0:02:27]} Nf7 {[%clk
0:01:03]} 36. Qa3 {[%clk 0:02:16]} Qb8 {[%clk 0:00:54]} 37. Nc6 {[%clk 0:02:12]}
Bxc6 {[%clk 0:01:16]} 38. Rxc6 {[%clk 0:02:36]} Nxd6 {[%clk 0:01:23]} 39. Ng5
{[%clk 0:02:07]} Nc7 {[%clk 0:00:36]} 40. Rxd6 {[%clk 0:31:33]} Nxa6 {[%clk
0:30:55]} 41. Rxe6 {[%clk 0:30:11]} Qb7 {[%clk 0:10:34]} 42. Qb3 {[%clk 0:25:59]}
Kh8 {[%clk 0:10:46]} 43. Rd6 {[%clk 0:21:38]} Rxd6 {[%clk 0:10:02]} 44. Nf7+
{[%clk 0:21:59]} Qxf7 {[%clk 0:10:28]} 45. Qxf7 {[%clk 0:22:23]} Rd8 {[%clk
0:08:54]} 46. Qxa7 {[%clk 0:22:22]} Nb8 {[%clk 0:08:07]} 47. Qxb6 {[%clk
0:22:40]} Rf8 {[%clk 0:08:05]} 48. a5 {[%clk 0:22:52]} f4 {[%clk 0:08:11]} 49. g4
{[%clk 0:22:26]} g6 {[%clk 0:07:42]} 50. hxg6 {[%clk 0:20:42]} hxg6 {[%clk
0:07:50]} 51. Qxg6 {[%clk 0:20:55]} Nd7 {[%clk 0:06:54]} 52. Qh6+ {[%clk
0:21:18]} Kg8 {[%clk 0:07:18]} 53. Qe6+ {[%clk 0:21:45]} 1-0